00610cam a22002291 4500001001300000003000400013005001700017008004100034010001700075035002000092040001800112042001200130050001800142100004700160245004500207260001100252300002300263500001300286500003000299504003100329650002000360sa 65004339 DLC20260227112130.0890501s1962 pk b 000 0 urdr  asa 65004339  a(OCoLC)19639370 aDLCcWaUdDLC apremarc00aBP173.4b.U451 aʻUmarī, Jalāluddīn Anṣar,d1936?-10aʻAurat Islāmī mu ʻāsharah men̲. c[1962] a14, 445 p.c19 cm. aIn Urdu. aText partially vocalized. aBibliographical footnotes. 0aWomen in Islam.